[Event "AUTO-INT-3825"]
[Site "http://www.queenalice.com/game.php?id=1843418"]
[Date "2024.9.9"]
[Round "3"]
[White "Scharlatan"]
[Black "Malukinha"]
[Result "1-0"]
[WhiteElo "2046"]
[BlackElo "1794"]

1. e4 e5 2. Nf3 Nc6 3. d4 Qf6 4. d5 Na5 5. Bd2 b6 6. b4 Nb7 7. Be2 a5 8. c3 Nd6
9. Bd3 Bb7 10. Qe2 Be7 11. h4 Rc8 12. Bg5 1-0

[Event "AUTO-ADV-4822"]
[Site "http://www.queenalice.com/game.php?id=1846277"]
[Date "2024.10.27"]
[Round "1"]
[White "Capixaba789"]
[Black "Malukinha"]
[Result "1/2-1/2"]
[WhiteElo "1854"]
[BlackElo "1836"]

1. d4 d5 2. Nc3 Nf6 3. f4 Bf5 4. Nf3 e6 5. e3 Nc6 6. a3 a6 7. Be2 Bd6 8. O-O O-O
9. Ne5 Bxe5 10. fxe5 Ne4 11. Nxe4 Bxe4 12. c3 Qg5 13. Bf3 f5 14. Bxe4 fxe4 15.
Bd2 Rxf1+ 16. Qxf1 Rf8 17. Qe2 Na5 18. b4 Nc4 19. a4 c6 20. Rf1 Rxf1+ 21. Kxf1
b6 22. h3 a5 23. bxa5 bxa5 24. Bc1 c5 25. Kg1 Qg3 26. Kh1 cxd4 27. cxd4 g6
1/2-1/2

[Event "AUTO-ADV-4822"]
[Site "http://www.queenalice.com/game.php?id=1846278"]
[Date "2024.10.27"]
[Round "1"]
[White "Malukinha"]
[Black "Capixaba789"]
[Result "1-0"]
[WhiteElo "1837"]
[BlackElo "1832"]

1. e4 e5 2. Nf3 d6 3. Bc4 Be7 4. O-O Nf6 5. d3 O-O 6. Nc3 Be6 7. Bxe6 fxe6 8. d4
exd4 9. Qxd4 e5 10. Qc4+ Kh8 11. h3 Nc6 12. a3 Nd4 13. Nxd4 exd4 14. Qxd4 a6 15.
Bf4 Nd7 16. Nd5 Rxf4 17. Nxf4 Bf6 18. Qb4 Nb6 19. Nd5 Nxd5 20. exd5 b5 21. Rfe1
h6 22. c3 Be5 23. a4 bxa4 24. Rxa4 Qg5 25. Qg4 Qf6 26. f4 Bxc3 27. bxc3 Qxc3 28.
Qe2 Qc5+ 29. Kh2 Qxd5 30. Rxa6 Rf8 31. Qe4 1-0

[Event "AUTO-ADV-4822"]
[Site "http://www.queenalice.com/game.php?id=1846293"]
[Date "2024.10.27"]
[Round "1"]
[White "chessman"]
[Black "Malukinha"]
[Result "0-1"]
[WhiteElo "1890"]
[BlackElo "1798"]

1. e4 e5 2. Nf3 Nc6 3. Bc4 Bc5 4. b4 Bxb4 5. c3 Bc5 6. d4 Bb6 7. O-O Qf6 8. dxe5
Nxe5 9. Nd4 Nxc4 10. Qd3 Na5 11. Nd2 Ne7 12. Ba3 c5 13. Nb5 O-O 14. Nd6 Ng6 15.
Nxc8 Raxc8 16. Nc4 Nxc4 17. Qxc4 a6 18. Rfd1 d6 19. Bb2 Qe6 20. f3 Qxc4 0-1

[Event "AUTO-ADV-4822"]
[Site "http://www.queenalice.com/game.php?id=1846294"]
[Date "2024.10.27"]
[Round "1"]
[White "Malukinha"]
[Black "chessman"]
[Result "1-0"]
[WhiteElo "1818"]
[BlackElo "1870"]

1. e4 e6 2. Nf3 d5 3. Bb5+ c6 4. Bd3 dxe4 5. Bxe4 Nd7 6. d4 Ngf6 7. Nc3 Be7 8.
O-O Nxe4 9. Nxe4 Nf6 10. Nxf6+ Bxf6 11. c3 O-O 12. Bf4 b6 13. Rc1 Ba6 14. Re1
Qe7 15. Qa4 Bb7 16. Re3 Rfd8 17. Ne5 Rac8 18. b4 Bxe5 19. Bxe5 f6 20. Bg3 Ba8
21. Qb3 c5 22. Rxe6 1-0

[Event "AUTO-ADV-4822"]
[Site "http://www.queenalice.com/game.php?id=1846303"]
[Date "2024.10.27"]
[Round "1"]
[White "Daniel1962"]
[Black "Malukinha"]
[Result "0-1"]
[WhiteElo "1732"]
[BlackElo "1784"]

1. e4 e5 2. Bc4 Nf6 3. d3 h6 4. Nf3 Nc6 5. b3 Bc5 6. Bb2 O-O 7. Nxe5 Nxe5 8.
Bxe5 d6 9. Bxf6 Qxf6 10. O-O Qxa1 11. Qf3 Qe5 12. Nd2 Be6 13. Bxe6 fxe6 14. Qh3
Qf6 15. Nf3 Rae8 16. Re1 Qb2 17. a4 Qxc2 18. d4 Bb4 19. Re3 Qd1+ 20. Ne1 Bxe1
21. f3 Bg3+ 0-1

[Event "AUTO-ADV-4822"]
[Site "http://www.queenalice.com/game.php?id=1846304"]
[Date "2024.10.27"]
[Round "1"]
[White "Malukinha"]
[Black "Daniel1962"]
[Result "1-0"]
[WhiteElo "1911"]
[BlackElo "1671"]

1. e4 e5 2. Nf3 d6 3. Bc4 h6 4. Nc3 Nf6 5. d3 Bg4 6. O-O Nc6 7. Nd5 Nxd5 8. Bxd5
Qd7 9. c3 O-O-O 10. Bxc6 Qxc6 11. Qb3 Bxf3 12. gxf3 d5 13. exd5 Qg6+ 14. Kh1
Qxd3 15. Be3 Kb8 16. Rad1 Qf5 17. Kg2 Bd6 18. Qa4 g5 19. Qg4 Qc2 20. Rd2 Qg6 21.
b4 f5 22. Qc4 f4 23. Bc5 Bxc5 24. Qxc5 g4 25. Kh1 gxf3 26. Rg1 Qf7 27. a4 Rhg8
28. d6 cxd6 29. Rxd6 Rxg1+ 30. Kxg1 Rc8 31. Qxe5 Ka8 32. Rxh6 Rg8+ 33. Kh1 Qc4
34. Qe1 a6 35. Re6 Qc7 36. Re8+ Rxe8 37. Qxe8+ Ka7 38. Qh8 Qe7 39. Qd4+ Kb8 40.
Qxf4+ Qc7 41. Qxf3 Qc4 42. Kg2 Ka7 43. Qe3+ Ka8 44. f4 Qc6+ 45. Kf2 Qxa4 46. h4
a5 47. h5 axb4 48. cxb4 Qxb4 49. h6 Qb2+ 50. Kf3 Qh8 51. f5 Kb8 52. Qe6 Ka7 53.
Kf4 b6 54. Qe7+ Ka6 55. Qg7 Qb8+ 56. Qe5 Qa7 57. Qa1+ Kb7 58. Qxa7+ Kxa7 59. h7
b5 60. h8=Q Ka6 61. Qb8 Ka5 62. f6 1-0

[Event "Capixaba789-3"]
[Site "http://www.queenalice.com/game.php?id=1847857"]
[Date "2024.11.26"]
[Round "4"]
[White "Malukinha"]
[Black "altair"]
[Result "1-0"]
[WhiteElo "1889"]
[BlackElo "1685"]

1. e4 e5 2. Nf3 d6 3. Bc4 h6 4. O-O a5 5. Nc3 c6 6. d3 b5 7. Bxb5 cxb5 8. Nxb5
Nf6 9. h3 Ba6 10. a4 Qd7 11. c4 Be7 12. Bd2 Bxb5 13. axb5 Bd8 14. Qc2 O-O 15. d4
Re8 16. d5 Qe7 17. b4 Nbd7 18. bxa5 Nc5 19. Rfe1 Rf8 20. Bb4 Nfxe4 21. Rxe4 Nxe4
22. Qxe4 f5 23. Qc2 e4 24. Nd4 Qg5 25. Bxd6 Re8 26. Qc3 f4 27. Ne6 Qf6 28. Qxf6
Bxf6 29. Ra2 e3 30. Bxf4 exf2+ 31. Kxf2 Bc3 32. Nc7 Bd4+ 33. Kf3 g5 34. Nxa8
Rxa8 35. Be3 Bc3 36. a6 Rf8+ 37. Kg4 Rc8 38. c5 Re8 39. Kf3 Re5 40. a7 Rf5+ 41.
Kg4 Rf8 42. a8=Q Rxa8 43. Rxa8+ Kg7 44. Re8 1-0

[Event "AUTO-ADV-4840"]
[Site "http://www.queenalice.com/game.php?id=1850489"]
[Date "2025.1.18"]
[Round "1"]
[White "Shizumaru_Hisame"]
[Black "Malukinha"]
[Result "0-1"]
[WhiteElo "1852"]
[BlackElo "1897"]

1. e4 e5 2. Bc4 Nf6 3. d4 exd4 4. Qxd4 Nc6 5. Qd1 Bc5 6. Bg5 d6 7. h3 O-O 8. Nc3
Be6 9. Bxe6 fxe6 10. Qd2 Qd7 11. O-O-O d5 12. Bxf6 Rxf6 13. f3 d4 14. Nce2 Rd8
15. g4 h6 16. h4 Qf7 17. f4 e5 18. fxe5 Nxe5 19. g5 hxg5 20. hxg5 Rf2 21. Qa5 b6
22. Qxa7 d3 23. Qa6 Be3+ 24. Kb1 dxc2+ 25. Kxc2 Rxd1 26. Kxd1 Qd7+ 27. Kc2 Qd2+
28. Kb3 Qd1+ 29. Kb4 Bc5+ 30. Kc3 Bd4+ 31. Nxd4 Qd2+ 32. Kb3 Qxb2+ 33. Ka4 Qxa2+
34. Kb5 Qc4# 0-1

[Event "AUTO-ADV-4840"]
[Site "http://www.queenalice.com/game.php?id=1850490"]
[Date "2025.1.18"]
[Round "1"]
[White "Malukinha"]
[Black "Shizumaru_Hisame"]
[Result "0-1"]
[WhiteElo "1917"]
[BlackElo "1872"]

1. e4 d5 2. e5 d4 3. Nf3 a6 4. Bc4 Bg4 5. O-O Nc6 6. Qe2 Bxf3 7. Qxf3 Nxe5 8.
Qd5 Qxd5 9. Bxd5 O-O-O 10. Be4 e6 11. d3 Nf6 12. f3 Nxe4 13. fxe4 Bc5 14. Bf4
Ng4 15. h3 Ne3 16. Bxe3 dxe3 17. Re1 f5 18. exf5 exf5 19. Nc3 f4 20. Ne4 Bb6 21.
Kh2 h6 22. b4 g5 23. Rad1 Rhg8 24. g4 Rh8 25. a4 Bd4 26. c3 Be5 27. d4 Bd6 28.
Nxd6+ Rxd6 29. d5 Re8 30. c4 Rd7 31. Kg2 Re4 32. Rc1 b5 33. cxb5 Rxb4 34. bxa6
Rxa4 35. Ra1 Rxa1 36. Rxa1 Kb8 37. Kf3 Rxd5 38. Ke4 Rd7 39. h4 Re7+ 40. Kf5 e2
41. Re1 gxh4 42. Kxf4 Ka7 0-1

[Event "AUTO-ADV-4840"]
[Site "http://www.queenalice.com/game.php?id=1850503"]
[Date "2025.1.18"]
[Round "1"]
[White "andrevillares"]
[Black "Malukinha"]
[Result "1-0"]
[WhiteElo "2085"]
[BlackElo "1898"]

1. d4 f5 2. c4 Nf6 3. Nc3 d5 4. g3 Be6 5. Bg2 Nc6 6. cxd5 Bxd5 7. Nxd5 Nxd5 8.
e3 Qd6 9. Ne2 O-O-O 10. O-O g6 11. Bd2 Bg7 12. Rc1 Rhe8 13. a3 e5 14. Nc3 Nb6
15. Nb5 Qd7 16. Bxc6 bxc6 17. Nxa7+ Kb7 18. Nxc6 Ra8 19. Qc2 Re6 20. Nb4 exd4
21. exd4 Bxd4 22. Rfd1 c5 23. Nd3 c4 24. Nf4 Rc6 25. Bc3 Rd6 26. Bb4 Rf6 27. Ne2
1-0

[Event "AUTO-ADV-4840"]
[Site "http://www.queenalice.com/game.php?id=1850504"]
[Date "2025.1.18"]
[Round "1"]
[White "Malukinha"]
[Black "andrevillares"]
[Result "0-1"]
[WhiteElo "1882"]
[BlackElo "2099"]

1. e4 c6 2. Nf3 d5 3. e5 Bg4 4. d4 e6 5. Nc3 Nd7 6. Be2 Bb4 7. Bd2 Ne7 8. O-O
O-O 9. a3 Ba5 10. b4 Bc7 11. h3 Bh5 12. Bg5 h6 13. Bh4 Qe8 14. Rb1 Nf5 15. Bg3
Nxg3 16. fxg3 Bb6 17. Na4 Bc7 18. b5 Qe7 19. bxc6 bxc6 20. Rb3 c5 21. Rb7 Rfc8
22. dxc5 Nxc5 23. Nxc5 Qxc5+ 24. Kh2 Qc6 25. Rb3 Bg6 26. Nd4 Qd7 27. Bb5 Qe7 28.
Nc6 Qg5 29. Qg4 Qxg4 30. hxg4 Kf8 31. Rbf3 a6 32. Bd3 Bxd3 33. Rxf7+ Kg8 34.
Ne7+ Kh7 35. cxd3 Re8 36. d4 Bb6 37. R1f4 Bd8 38. Nc6 Bg5 39. Rf3 Kg8 40. Nb4 a5
41. Nd3 Rab8 42. Nf4 Kxf7 0-1

[Event "AUTO-ADV-4840"]
[Site "http://www.queenalice.com/game.php?id=1850513"]
[Date "2025.1.18"]
[Round "1"]
[White "Malukinha"]
[Black "jogo"]
[Result "1-0"]
[WhiteElo "1872"]
[BlackElo "1842"]

1. e4 c5 2. Nf3 d6 3. Bc4 e6 4. Nc3 Nf6 5. d3 h6 6. O-O Be7 7. h3 O-O 8. Be3 a6
9. a4 Nc6 10. d4 cxd4 11. Bxd4 e5 12. Be3 Na5 13. Bd5 Nxd5 14. Nxd5 1-0

[Event "Challenge"]
[Site "http://www.queenalice.com/game.php?id=1856064"]
[Date "2025.4.24"]
[Round "-"]
[White "Malukinha"]
[Black "RAFAELI"]
[Result "1-0"]
[WhiteElo "1859"]
[BlackElo "1729"]

1. e4 e5 2. Nf3 Qe7 3. Nc3 c6 4. Bc4 Nh6 5. O-O f6 6. d3 g5 7. h3 d6 8. Be3 g4
9. Nh4 gxh3 10. Qh5+ Kd8 11. Bxh6 hxg2 12. Nxg2 b5 13. Bb3 Bxh6 14. Qxh6 Be6 15.
Bxe6 Qxe6 16. f4 Nd7 17. fxe5 Qxe5 18. Rab1 Kc7 19. a4 Rag8 20. Qh2 Rg3 21. Ne2
Rg5 22. Qxe5 dxe5 23. axb5 Rhg8 24. Rf2 cxb5 25. Nc3 Kc6 26. Ra1 Kb7 27. Nxb5 a6
28. Nd6+ Kb6 29. b4 h5 30. Kh2 Rg4 31. Nf5 Kb5 32. c3 Ra8 33. Nd6+ Kb6 34. b5 a5
35. Rfa2 Nc5 36. Ne3 Rg6 37. Nec4+ Kc7 38. Rxa5 Rxa5 39. Rxa5 Nxd3 40. Ra7+ Kb8
41. b6 Nc5 42. Na5 f5 43. Nc6# 1-0

[Event "Capixaba789-3"]
[Site "http://www.queenalice.com/game.php?id=1856573"]
[Date "2025.5.2"]
[Round "5"]
[White "Malukinha"]
[Black "rhardt"]
[Result "0-1"]
[WhiteElo "1857"]
[BlackElo "1977"]

1. e4 e6 2. Nf3 Nh6 3. d4 Bb4+ 4. c3 Bd6 5. Bd3 c5 6. O-O O-O 7. Bxh6 gxh6 8.
dxc5 Bxc5 9. b4 Bb6 10. Nbd2 Nc6 11. Qc2 e5 12. a4 d6 13. h3 Ne7 14. a5 Bc7 15.
Nc4 Ng6 16. Rab1 a6 17. Qb3 Be6 18. Qa3 Nf4 19. Bc2 Ne2+ 20. Kh1 Bxc4 21. Rfd1
Qe7 0-1

[Event "AUTO-ADV-4822"]
[Site "http://www.queenalice.com/game.php?id=1857322"]
[Date "2025.5.15"]
[Round "2"]
[White "Malukinha"]
[Black "yy"]
[Result "0-1"]
[WhiteElo "1875"]
[BlackElo "2043"]

1. e4 e5 2. Nf3 d6 3. Bc4 Bg4 4. O-O Qf6 5. Nc3 Bxf3 6. Qxf3 Nc6 7. Qxf6 Nxf6 8.
d3 Nd4 9. Bb3 c6 10. Be3 b5 11. Bxd4 exd4 12. Ne2 c5 13. c4 a6 14. a4 b4 15. f4
a5 16. e5 dxe5 17. fxe5 Nd7 18. Rf5 g6 19. Rg5 Bh6 20. Rg3 Nxe5 0-1

[Event "AUTO-ADV-4822"]
[Site "http://www.queenalice.com/game.php?id=1857323"]
[Date "2025.5.15"]
[Round "2"]
[White "yy"]
[Black "Malukinha"]
[Result "1-0"]
[WhiteElo "2052"]
[BlackElo "1866"]

1. e4 e5 2. Nf3 Nc6 3. Nc3 Nf6 4. d3 Bc5 5. Bg5 h6 6. Bxf6 Qxf6 7. Nd5 Qd8 8. c3
d6 9. a4 b6 10. b4 Bxf2+ 11. Kxf2 Bg4 12. h3 Bh5 13. b5 Ne7 14. Qb3 Rc8 15. Nxe7
Qxe7 16. a5 O-O 17. g4 1-0

[Event "AUTO-ADV-4822"]
[Site "http://www.queenalice.com/game.php?id=1857324"]
[Date "2025.5.15"]
[Round "2"]
[White "Malukinha"]
[Black "askasl159"]
[Result "1-0"]
[WhiteElo "1846"]
[BlackElo "1762"]

1. e4 e5 2. Nf3 Nc6 3. Bc4 h6 4. O-O Nf6 5. d3 Bc5 6. Nc3 O-O 7. a3 d6 8. h3 Be6
9. Bxe6 fxe6 10. Bd2 d5 11. b4 Bb6 12. Na4 Bd4 13. Rb1 dxe4 14. Nh4 exd3 15.
cxd3 b5 16. Nc5 Bxc5 17. bxc5 e4 18. Qb3 exd3 19. Qxe6+ Rf7 20. Qxc6 a6 21. Rfe1
g5 22. Nf5 Kh7 23. Re6 Qf8 24. Bc3 Re8 25. Rxe8 Nxe8 26. g4 Rf6 27. Bxf6 Nxf6
28. Qxc7+ Kg6 29. Qd6 Qxd6 30. Nxd6 1-0

[Event "Challenge"]
[Site "http://www.queenalice.com/game.php?id=1864655"]
[Date "2025.10.24"]
[Round "-"]
[White "Eder_Dionatan_Silva_Machado"]
[Black "Malukinha"]
[Result "1-0"]
[WhiteElo "1718"]
[BlackElo "1870"]

1. e4 e5 2. Nf3 Nc6 3. Bb5 Nf6 4. Nc3 Bb4 5. a3 Bxc3 6. dxc3 d6 7. Nxe5 Bd7 8.
Bg5 Nxe5 9. Bxd7+ Nexd7 10. Qd4 O-O 11. O-O-O Re8 12. Rhe1 h6 13. Bh4 g5 14. Bg3
1-0

[Event "Challenge"]
[Site "http://www.queenalice.com/game.php?id=1864656"]
[Date "2025.10.24"]
[Round "-"]
[White "Malukinha"]
[Black "Eder_Dionatan_Silva_Machado"]
[Result "0-1"]
[WhiteElo "1870"]
[BlackElo "1695"]

1. e4 e5 2. Nf3 Nc6 3. Bc4 Bc5 4. O-O Nf6 5. Nc3 d6 6. d3 O-O 7. Bg5 h6 8. Be3
Bg4 9. Nd5 Nh5 10. Bxc5 dxc5 11. h3 Bxf3 12. Qxf3 Nd4 13. Qxh5 Nxc2 0-1

[Event "Challenge"]
[Site "http://www.queenalice.com/game.php?id=1865014"]
[Date "2025.11.3"]
[Round "-"]
[White "Capixabba789"]
[Black "Malukinha"]
[Result "1-0"]
[WhiteElo "1896"]
[BlackElo "1838"]

1. d4 d5 2. Nc3 Nf6 3. f4 Nc6 4. Nf3 Bf5 5. a3 e6 6. e3 a6 7. Be2 Bd6 8. O-O O-O
9. Ne5 Ne4 10. Bf3 Nxc3 11. bxc3 f6 12. Nd3 e5 13. fxe5 fxe5 14. dxe5 Bxe5 15.
Nxe5 Nxe5 16. Bxd5+ Kh8 17. Bxb7 Qxd1 18. Rxd1 Ra7 19. Bd5 Bxc2 20. Rf1 Rd8 21.
Bd2 h6 22. e4 Bxe4 23. Be3 Bxd5 24. Bxa7 Bc4 25. Rfe1 Ng6 26. Bd4 Rf8 27. Rab1
Nf4 28. Kh1 Bd5 29. Re7 Bxg2+ 30. Kg1 1-0

[Event "Challenge"]
[Site "http://www.queenalice.com/game.php?id=1865015"]
[Date "2025.11.3"]
[Round "-"]
[White "Malukinha"]
[Black "Capixabba789"]
[Result "0-1"]
[WhiteElo "1855"]
[BlackElo "1821"]

1. e4 Nf6 2. Nc3 e5 3. Bc4 Be7 4. d3 O-O 5. Nf3 d6 6. h3 c5 7. O-O Nc6 8. Bd2
Bd7 9. Nd5 Nd4 10. c3 Ne6 11. Nxf6+ Bxf6 12. Qb3 Qc7 13. a4 a6 14. Bd5 Be7 15.
Qxb7 Qxb7 16. Bxb7 Ra7 17. Bd5 Nf4 18. Bxf4 exf4 19. g3 Bxh3 20. Rfe1 fxg3 21.
fxg3 Bg4 22. Nd2 Kh8 23. b4 Bf6 24. Rac1 cxb4 25. cxb4 h5 26. Nc4 Rd8 27. Bxf7
Rxf7 0-1